Từ điển Hồ Chí Minh sơ giản

Đã lưu trong:
Chi tiết về thư mục
Tác giả chính: Tôn Nữ Quỳnh Trân
Định dạng: Không biết
Ngôn ngữ:English
Được phát hành: NXB TRẺ 1990
Những chủ đề:
Các nhãn: Thêm thẻ
Không có thẻ, Là người đầu tiên thẻ bản ghi này!
Thư viện lưu trữ: Mạng thư viện Đại học Đà Nẵng
LEADER 01011ca a2200301 4500
001 000032348
003 8430
005 20151026000000.0
008 151002s1990 vm 000 eng
041 |a eng 
082 |a 495.923  |b TÔ-T 
100 |a Tôn Nữ Quỳnh Trân 
245 |a Từ điển Hồ Chí Minh sơ giản  |c Tôn Nữ Quỳnh Trân 
260 |a NXB TRẺ  |c 1990 
650 |a Từ điển Hồ Chí Minh sơ giản, Tôn Nữ Quỳnh Trân 
852 |b Đọc  |c TỪ ĐIỂN 
OWN |a LNN 
AVA |a UDN50  |b LNN  |d 495.923 TÔ-T  |e available  |t Error 5001 Not defined in file expand_doc_bib_avail.  |f 3  |g 0  |h N  |i 0  |k 1 
999 |a From the UDN01 
AVA |a UDN50  |b LNN  |d 495.923 TÔ-T  |e available  |t Error 5001 Not defined in file expand_doc_bib_avail.  |f 3  |g 0  |h N  |i 0  |k 1 
TYP |a Printed language 
980 |a Mạng thư viện Đại học Đà Nẵng